000 00461nam a22001577a 4500
005 20231121132601.0
008 231121b |||||||| |||| 00| 0 eng d
041 _aEnglish
082 _a342.8 AFR
100 _lEnglish
245 _aPrinciples and Guidelines on the Right to a Fair trail and Legal Assistance in Africa
260 _c2011
300 _b43 pages ;
_c22 cm.
650 _aLegal practice
_bLaw
942 _cBK
_6ALISON_BN_VRIES
999 _c845
_d845